00833nam a2200205 a 4500001001000000003000500010005001700015008004100032010001100073011001100084040000900095100003600104245014100140260004100281500006000322502010900382650004400491650002200535856007000557000115589CHAP20220329144540.0190611s2019 mx a |sm |||||||spa d a112050 a113022 cCHAP1 aBañuelos Santillán, Daniel.10aIdentificación de ácaros fitófagos en frutales en el Estado de Morelos, Méxicoh[En línea]cpor Daniel Bañuelos Santillán. aChapingo, Méx. :bEl autor,c2019. aPara ver el contenido del material haga clic en la liga aTesis (Ing. Agr. Esp. en Parasitología Agrícola) -- UACH. Departamento de Parasitología Agrícola14aÁcaros fitófagosxIdentificación.14aCultivosxPlagas. aFinding aiduhttp://10.13.5.2/tesis/sist115589.pdfzTeclea aquí